|
|
|
|
| LEADER |
00000cam a22000004a 4500 |
| 001 |
musev2_44463 |
| 003 |
MdBmJHUP |
| 005 |
20230905044643.0 |
| 006 |
m o d |
| 007 |
cr||||||||nn|n |
| 008 |
160402s2010 pau o 00 0 eng d |
| 020 |
|
|
|a 9780812293449
|
| 020 |
|
|
|z 9780812242126
|
| 035 |
|
|
|a (OCoLC)966766255
|
| 040 |
|
|
|a MdBmJHUP
|c MdBmJHUP
|
| 041 |
1 |
|
|a eng
|h spa
|
| 100 |
1 |
|
|a Rodriguez-Velasco, Jesus D.
|
| 245 |
1 |
0 |
|a Order and Chivalry :
|b Knighthood and Citizenship in Late Medieval Castile
|
| 264 |
|
1 |
|a Pennsylvania :
|b University of Pennsylvania Press, Inc.,
|c 2010.
|
| 264 |
|
3 |
|a Baltimore, Md. :
|b Project MUSE,
|c 2017
|
| 264 |
|
4 |
|c ©2010.
|
| 300 |
|
|
|a 1 online resource (304 pages).
|
| 336 |
|
|
|a text
|b txt
|2 rdacontent
|
| 337 |
|
|
|a computer
|b c
|2 rdamedia
|
| 338 |
|
|
|a online resource
|b cr
|2 rdacarrier
|
| 490 |
0 |
|
|a The Middle Ages Series
|
| 505 |
0 |
|
|a Cover; Title; Copyright; Contents; Introduction; One. Ritual as a Strategy for Chivalric Creation; Two. Poetics of Fraternity; Three. The Presence of the Confraternity; Four. The Order of the Sash; Five. Rewriting the Order; Six. Poetics of the Chivalric Emblem; Conclusions; Notes; Bibliography; Index; A; B; C; D; E; F; G; H; I; J; K; L; M; N; O; P; Q; R; S; T; U; V; W; Acknowledgments.
|
| 546 |
|
|
|a Translated from the Spanish.
|
| 588 |
|
|
|a Description based on print version record.
|
| 650 |
|
7 |
|a Social conditions.
|2 fast
|0 (OCoLC)fst01919811
|
| 650 |
|
7 |
|a Social classes.
|2 fast
|0 (OCoLC)fst01122346
|
| 650 |
|
7 |
|a Knights and knighthood.
|2 fast
|0 (OCoLC)fst00988113
|
| 650 |
|
7 |
|a Feudalism.
|2 fast
|0 (OCoLC)fst00923488
|
| 650 |
|
7 |
|a Chivalry.
|2 fast
|0 (OCoLC)fst00858006
|
| 650 |
|
7 |
|a HISTORY
|x Medieval.
|2 bisacsh
|
| 650 |
|
6 |
|a Chevalerie
|z Espagne
|z Castille.
|
| 650 |
|
6 |
|a Classes sociales
|z Espagne
|z Castille
|x Histoire.
|
| 650 |
|
0 |
|a Chivalry
|z Spain
|z Castile.
|
| 650 |
|
0 |
|a Feudalism
|z Spain
|z Castile
|x History.
|
| 650 |
|
0 |
|a Social classes
|z Spain
|z Castile
|x History.
|
| 650 |
|
0 |
|a Knights and knighthood
|z Spain
|z Castile
|x History.
|
| 651 |
|
7 |
|a Spain
|z Castile.
|2 fast
|0 (OCoLC)fst01244238
|
| 651 |
|
6 |
|a Castille (Espagne)
|x Histoire militaire.
|
| 651 |
|
6 |
|a Castille (Espagne)
|x Conditions sociales.
|
| 651 |
|
0 |
|a Castile (Spain)
|x History, Military.
|
| 651 |
|
0 |
|a Castile (Spain)
|x Social conditions.
|
| 655 |
|
7 |
|a Military history.
|2 fast
|0 (OCoLC)fst01411630
|
| 655 |
|
7 |
|a History.
|2 fast
|0 (OCoLC)fst01411628
|
| 655 |
|
7 |
|a Electronic books.
|2 local
|
| 700 |
1 |
|
|a Ferguson, Eunice Rodriguez.
|
| 710 |
2 |
|
|a Project Muse.
|e distributor
|
| 830 |
|
0 |
|a Book collections on Project MUSE.
|
| 856 |
4 |
0 |
|z Texto completo
|u https://projectmuse.uam.elogim.com/book/44463/
|
| 945 |
|
|
|a Project MUSE - Custom Collection
|
| 945 |
|
|
|a Project MUSE - Archive Complete Supplement V
|
| 945 |
|
|
|a Project MUSE - Archive History Supplement V
|